<?xml version="1.0" encoding="UTF-8"?>
<record
    xmlns:xsi="http://www.w3.org/2001/XMLSchema-instance"
    xsi:schemaLocation="http://www.loc.gov/MARC21/slim http://www.loc.gov/standards/marcxml/schema/MARC21slim.xsd"
    xmlns="http://www.loc.gov/MARC21/slim">

  <leader>01549    a2200229   4500</leader>
  <controlfield tag="001">54588</controlfield>
  <controlfield tag="005">20260407155820.0</controlfield>
  <controlfield tag="008">260407a2003    arg                 spa d</controlfield>
  <controlfield tag="003">AR-UNSa-BCEJYS</controlfield>
  <datafield tag="040" ind1=" " ind2=" ">
    <subfield code="a">AR-UNSa-BCEJYS</subfield>
    <subfield code="b">spa</subfield>
    <subfield code="c">AR-UNSa-BCEJYS</subfield>
  </datafield>
  <datafield tag="080" ind1=" " ind2=" ">
    <subfield code="a">316.421:339.9</subfield>
    <subfield code="x">Origen de las sociedades globales y estructura social, econ&#xF3;mico, pol&#xED;tico y cultural (Globalizaci&#xF3;n)
</subfield>
  </datafield>
  <datafield tag="245" ind1="1" ind2="0">
    <subfield code="a">Origen y transformaci&#xF3;n del estado argentino en periodos de globalizaci&#xF3;n</subfield>
  </datafield>
  <datafield tag="020" ind1=" " ind2=" ">
    <subfield code="a">950-786-349-4</subfield>
  </datafield>
  <datafield tag="264" ind1=" " ind2="1">
    <subfield code="a">Buenos Aires :</subfield>
    <subfield code="b">Biblos</subfield>
    <subfield code="c">2003</subfield>
  </datafield>
  <datafield tag="300" ind1=" " ind2=" ">
    <subfield code="a">202 p.</subfield>
    <subfield code="c">22,5 cm.</subfield>
  </datafield>
  <datafield tag="505" ind1=" " ind2=" ">
    <subfield code="a">1. La globalizaci&#xF3;n y el Estado moderno: &#xBF;extinci&#xF3;n o transformaci&#xF3;n? &#x2013; 2. Los Rivarola y la pol&#xED;tica Argentina del Centenario &#x2013; 3. Mayo de 1910 a trav&#xE9;s de la mirada de los diarios La Prensa y La Vanguardia &#x2013; 4. La representaci&#xF3;n discursiva de la identidad nacional durante la d&#xE9;cada del 20: inmigraci&#xF3;n y nacionalismo en la Argentina &#x2013; 5. Globalizaci&#xF3;n y educaci&#xF3;n: an&#xE1;lisis de portales educativos en espa&#xF1;ol &#x2013; 6. La privatizaci&#xF3;n de la desocupaci&#xF3;n y la pobreza: el rol del Estado y de la empresa social en las representaciones sociales de la indigencia &#x2013; 7. La legitimidad de la deuda externa en la prensa escrita Argentina &#x2013; 8. El estado Argentino ante la globalizaci&#xF3;n y la justicia &#x2013; 9. La globalizaci&#xF3;n y las cuestiones de justicia internacional.</subfield>
  </datafield>
  <datafield tag="942" ind1=" " ind2=" ">
    <subfield code="c">BK</subfield>
  </datafield>
  <datafield tag="590" ind1=" " ind2=" ">
    <subfield code="a">niveau_biblio:m niveau_hierar:0</subfield>
  </datafield>
  <datafield tag="100" ind1="1" ind2=" ">
    <subfield code="a">Ortiz, Tulio E.</subfield>
  </datafield>
  <datafield tag="700" ind1="1" ind2=" ">
    <subfield code="a">Pardo, Maria Laura</subfield>
  </datafield>
  <datafield tag="700" ind1="1" ind2=" ">
    <subfield code="a">Noblia, Mar&#xED;a Valentina</subfield>
  </datafield>
  <datafield tag="999" ind1=" " ind2=" ">
    <subfield code="c">5663</subfield>
    <subfield code="d">5663</subfield>
  </datafield>
  <datafield tag="952" ind1=" " ind2=" ">
    <subfield code="0">0</subfield>
    <subfield code="1">0</subfield>
    <subfield code="4">0</subfield>
    <subfield code="7">0</subfield>
    <subfield code="a">BCEJYS</subfield>
    <subfield code="b">BCEJYS</subfield>
    <subfield code="c">16</subfield>
    <subfield code="d">2026-04-07</subfield>
    <subfield code="l">0</subfield>
    <subfield code="o">316.421:339.9 O77</subfield>
    <subfield code="p">L87317</subfield>
    <subfield code="r">2026-04-07 15:58:20</subfield>
    <subfield code="w">2026-04-07</subfield>
    <subfield code="y">L</subfield>
  </datafield>
</record>
